000 00676nam a2200205Ii 4500
003 JO-AjNU
008 230605s9999||||xx |||||||||||||| ||und||
017 _a2002/6/1571
040 _aJO-AjNU
_bara
_erda
_cJO-AjNU
041 _aara
050 1 4 _aBP130.N3558 2003
100 3 _aنصارنه، ابراهيم مصطفى ,
_eauthor
_959587
245 0 0 _aالمحكم والمتشابه في القرآن الكريم: دراسات لغوية
264 3 1 _aاربد: المؤلف، 2003
300 _a234ص
336 _atext
_btxt
_2rdacontent
337 _aunmediated
_bn
_2rdamedia
338 _avolume
_bnc
_2rdacarrier
650 4 _aالقرآن/ الاسلام
_959588
999 _aA26822
_c30390
_d30390